Statistiques concernant 2eme Plus grandes Villes par départements

Cliquez ici pour prendre le quiz!

Statistiques générales

  • Ce quiz a été pris 94 fois
  • Le résultat moyen est 45 sur 100

Statistiques - réponses

HintRéponse% Correct
Bouches-du-RhôneAix-en-Provence
78%
HeraultBéziers
74%
FinistèreQuimper
73%
RhôneVilleurbanne
72%
AudeCarcassonne
68%
Loire-AtlantiqueSaint-Nazaire
68%
CorrèzeTulle
68%
AllierVichy
68%
Alpes-MaritimesAntibes
67%
Seine-MaritimeRouen
67%
ArdennesSedan
67%
Pyrénées-AtlantiquesBayonne
65%
Haut-RhinColmar
65%
NordTourcoing
65%
GardAlès
64%
GirondeMérignac
64%
AinOyonnax
64%
MorbihanVannes
64%
DordogneBergerac
62%
LandesDax
62%
MancheSaint-Lô
62%
Ille-et-VilaineSaint-Malo
60%
AriègeFoix
59%
AveyronMillau
59%
Corse-du-SudPorto-Vecchio
59%
LoireRoanne
59%
Saône-et-LoireMâcon
58%
DoubsMontbéliard
58%
Hautes-AlpesBriançon
56%
VendéeLes-Sables-d'Olonne
56%
MarneChâlons-en-Champagne
55%
CharenteCognac
55%
Côte-d'OrBeaune
54%
Haute-SavoieThonon-les-Bains
54%
Maine-et-LoireCholet
53%
Alpes-de-Haute-ProvenceDigne-les-Bains
53%
VarHyères
53%
DrômeMontélimar
53%
Charente-MaritimeSaintes
53%
CherVierzon
51%
Hautes-PyrénéesLourdes
50%
Seine-et-MarneMeaux
50%
AisneSoissons
50%
Haute-GaronneColomiers
49%
CantalSaint-Flour
49%
ReunionSaint-Paul
49%
MayenneMayenne
47%
Pas-de-CalaisBoulogne-sur-Mer
46%
TarnCastres
46%
Haute-MarneChaumont
46%
Eure-et-LoirDreux
46%
Côtes-d'ArmorLannion
46%
MeuseBar-le-Duc
44%
CreuseLa-Souterraine
44%
SommeAbbeville
42%
ArdècheAubenas
42%
Val-d'OiseCergy
42%
VienneChâtellerault
42%
Bas-RhinHaguenau
42%
SartheLa-Flèche
42%
CalvadosLisieux
42%
VaucluseOrange
42%
YonneSens
42%
IndreIssoudun
41%
OiseCompiègne
40%
MoselleThionville
40%
Lot-et-GaronneVilleneuve-sur-Lot
40%
SavoieAix-les-Bains
38%
Val-de-MarneCrèteil
38%
Indre-et-LoireJoué-lès-Tours
38%
GersCondom
37%
LotFigeac
37%
Seine-Saint-DenisMontreuil
37%
VosgesSaint-Dié-des-Vosges
37%
GuyaneSaint-Laurent-du-Maroni
37%
Deux-SèvresBréssuire
32%
NièvreCosne-Cours-sur-Loire
28%
JuraSaint-Claude
28%
Tarn-et-GaronneCastelsarrasin
26%
EssonneCorbeil-Essonnes
26%
LozèreMarvejols
26%
Loir-et-CherRomorantin-Lanthenay
26%
Meurthe-et-MoselleVandoeuvre-lès-Nancy
26%
LoiretOlivet
24%
IsèreSaint-Martin-d'Hères
24%
EureVernon
24%
Puy-de-DômeCournon-d'Auvergne
23%
MartiniqueLe-Lamentin
23%
Pyrénées-OrientalesCanet-en-Roussillon
22%
Hauts-de-SeineColombes
22%
Haute-VienneSaint-Junien
22%
Haute-CorseBorgo
21%
OrneFlers
21%
AubeRomilly-sur-Seine
19%
YvelinesSartrouville
19%
Territoire-de-BelfortDelle
17%
Haute-SaôneHéricourt
12%
MayotteKoungou
10%
Haute-LoireMonistrol-sur-Loire
10%
GuadeloupeBaie-Mahault
8%

Distribution des résultats

Percentile par nombre de réponses

% des personnes avec chaque résultat

Votre développement - résultats

Vous n’avez pas pris ce quiz